Diccionario completo bilingüe de sinónimos y antónimos (Registro nro. 13265)
[ vista simple ]
| 000 -Cabecera | |
|---|---|
| Campo de control de longitud fija | 00583nam a22002297a 4500 |
| 005 - Fecha y hora de la última transacción | |
| Campo de control | 20250207162138.0 |
| 008 - Elementos de longitud fija--Información general | |
| Campo de control de longitud fija | 220317b2000 xxu||||| |||| 00| 0 spa d |
| 020 ## - International Standard Book Number | |
| Número Internacional Estándar del Libro (ISBN) | 9588110122 |
| 041 ## - Idioma | |
| Código de idioma | Español |
| -- | Inglés |
| 082 ## - Clasificación Decimal Dewey | |
| Número de clasificación | R 413.1 D545d |
| 245 ## - Título propiamente dicho | |
| Título | Diccionario completo bilingüe de sinónimos y antónimos |
| 260 ## - Pie de imprenta | |
| Lugar de publicación, distribución, etc. | Colombia |
| 260 ## - Pie de imprenta | |
| Nombre del editor, distribuidor, etc. | Prolibros |
| 260 ## - Pie de imprenta | |
| Fecha de publicación, distribución, etc. | 2000 |
| 300 ## - Descripción física | |
| Extensión | 382 páginas |
| 500 ## - Nota general | |
| Nota general | Incluye: tomo 1 y tomo 2 |
| 650 ## - Materia general | |
| Temática (materia general) | DICCIONARIOS |
| 650 ## - Materia general | |
| Temática (materia general) | SINÓNIMOS Y ANTÓNIMOS |
| 650 ## - Materia general | |
| Temática (materia general) | ESPAÑOL |
| 650 ## - Materia general | |
| Temática (materia general) | INGLÉS |
| 942 ## - Punto de acceso adicional KOHA | |
| Tipo de ítem KOHA | Referencia |
| Fuente del sistema de clasificación o colocación | Dewey Decimal Classification |
| Signatura completa | Código de barras | Tipo de ítem |
|---|---|---|
| R 413.1 D545d | 9184 | Referencia |
| R 413.1 D545d | 9185 | Referencia |